Test Bank to Accompany Schiller The Economy Today (Record no. 3248)

000 -LEADER
fixed length control field 00319nam a22001337a 4500
020 ## - INTERNATIONAL STANDARD BOOK NUMBER
International Standard Book Number 0070577137
082 ## - DEWEY DECIMAL CLASSIFICATION NUMBER
Classification number 330
100 ## - MAIN ENTRY--PERSONAL NAME
Personal name Linda Wilson
245 ## - TITLE STATEMENT
Title Test Bank to Accompany Schiller The Economy Today
250 ## - EDITION STATEMENT
Edition statement 7th ed.
260 ## - PUBLICATION, DISTRIBUTION, ETC.
Place of publication, distribution, etc. New York
Name of publisher, distributor, etc. The McGraw-Hill Company
Date of publication, distribution, etc. 1997
300 ## - PHYSICAL DESCRIPTION
Extent 616p
942 ## - ADDED ENTRY ELEMENTS (KOHA)
Koha item type Book
Holdings
Withdrawn status Lost status Damaged status Not for loan Collection code Permanent Location Current Location Shelving location Date acquired Total Checkouts Full call number Barcode Date last seen Price effective from Koha item type
          Central Library (CL) Central Library (CL) General Stacks 05/30/2016   330 WIL S3H-N-679 05/30/2016 05/30/2016 Book
© 2023 Central Library, National University of Sciences and Technology. All Rights Reserved.